00837cam a22002297a 4500003000500000005001700005008004100022010001000063011001000073035001000083040000900093100002800102245017200130260004100302300002200343502010100365650002800466650003800494650001600532650002700548650003200575CHAP20220329135558.0971013s1978 r 00010 d a38805 a39777 a43902 cCHAP00aPeña Lozano, Alberto. 0aEvaluación de tres fungicidas y un fertilizante foliar en el control de cenicilla vellosa (Pseudoperonospera cubensis) del melón (Cucumus melo L.) en Apodaca, N.L. a(Monterrey, N.L.) :bEl autor,c1978 a51 h.b: gráfs. aTesis (Ing. Agr. Esp. en Parasitología) -- ITESM. Div. de Ciencias Agropecuarias y Marítimas14aFertilización foliar.14aFertilizantesxEfecto en melón.14aFungicidas.14aMelónxEnfermedades.14aPseudoperonospora cubensis.